Perception

Bibliographic Details
Main Author: Sekuler, Robert
Other Authors: Blake, Randolph
Format: Book
Published: New York : McGraw-Hill , 1994
Edition:3rd ed
Subjects:

MARC

LEADER 00000cam a2200000 7i4500
001 0000002342
002 000002549
005 20000330.0
020 |a 0071136835 
090 0 0 |a 152.1   |b SEK 
100 1 |a Sekuler, Robert 
245 1 0 |a Perception   |c Robert Sekulerand Randolph Blake 
250 |a 3rd ed 
260 |a New York :   |b McGraw-Hill ,   |c 1994 
300 |a 572p. ;   |c 23cm. 
650 0 0 |a Perception 
700 1 |a Blake, Randolph 
999 |a 035803   |b BUKU   |c PINJAMAN   |e PERPUSTAKAAN KOMUNITI PETALING JAYA